Sports Quiz

Random Sports Quiz
Score 0/26 Timer 15:00
0 Plays Today
Regular Season TD's Answer % Correct
34Wes Welker
100%
78Rob Gronkowski
91.7%
39Randy Moss
91.7%
30Julian Edelman
91.7%
24Deion Branch
91.7%
20James White
91.7%
18Aaron Hernandez
83.3%
15Troy Brown
83.3%
17Ben Watson
75%
17Daniel Graham
66.7%
11Chris Hogan
66.7%
10Danny Amendola
66.7%
10Kevin Faulk
66.7%
Regular Season TD's Answer % Correct
4Bethel Johnson
58.3%
16David Patten
50%
12David Givens
50%
8Mike Vrabel
50%
7Brandon LaFell
50%
7Shane Vereen
50%
5Dion Lewis
41.7%
5Phillip Dorsett
41.7%
4Brandon Lloyd
41.7%
4Reche Caldwell
41.7%
4Danny Woodhead
33.3%
2Alge Crumpler
33.3%
6Jabar Gaffney
25%

You're not logged in!

Compare scores with friends on all Sporcle quizzes.
OR
Log In

Sporcle TV

Today on Sporcle TV


Watch our educational content, quiz creation guides, and fun videos on Sporcle TV.

Show Comments

Extras

Created Sep 16, 2019ReportNominate
Tags:caught, post, reg, regular, season

Top Quizzes Today


Score Distribution

Paid Content

Your Account Isn't Verified!

In order to create a playlist on Sporcle, you need to verify the email address you used during registration. Go to your Sporcle Settings to finish the process.

Report this User

Report this user for behavior that violates our Community Guidelines.

Details: